| 000 | 00721cab a2200253 4500 | ||
|---|---|---|---|
| 001 | ABS53430 | ||
| 008 | 090401t1995 xxu||||| |||| 00| 0 eng d | ||
| 035 | _a(Sirsi) u4125 | ||
| 041 | _aeng | ||
| 100 | _aForrest, R. | ||
| 245 | 4 | _aThe future of home ownership | |
| 260 | _c1995 | ||
| 350 | _a0 | ||
| 490 |
_aHousing Finance _v(27) August 1995, 9-15(7) |
||
| 520 | _aConsiders the future prospects of home ownership at a regional level. Includes statistics. | ||
| 650 | _aHOME OWNERSHIP | ||
| 650 | _aOUR FUTURE HOMES | ||
| 650 | _aREGIONAL TRENDS | ||
| 650 | _aTRENDS | ||
| 690 | _aPROPERTY-RESIDENTIAL PROPERTY-RESIDENTIAL PROPERTY MARKET | ||
| 700 | _aLeather, P. | ||
| 942 | _n0 | ||
| 948 | _c04/03/1997 | ||
| 999 |
_c2467 _d2467 |
||